000 00362nam a22001457a 4500
003 macl
005 20191126155515.0
008 191126b xxu||||| |||| 00| 0 eng d
040 _cmacl
100 _aDubey, Swati
_977296
245 _aResearch Methodology in E-Commerce
260 _aDelhi
_bMaxford Books
_c2017
650 _aCommerce
_977297
942 _2ddc
_cBK
999 _c61413
_d61413